000 01214 am a2200421ua 4500
999 _c2956
_d2956
001 011932411
003 OSt
005 20230913113424.0
008 030414s2002 enk || 000 ||eng
015 _aGBA320513
_2bnb
020 _a0140448144
020 _a9780140448146
035 _a(UkCU)C3093323
039 0 _a2738
040 _aUkCU
_dUk
_cKH8
041 1 _aeng
_hgrc
082 0 4 _a882.01 ARI
100 0 _aAristophanes,
_eauthor.
240 1 0 _aWorks.
_kSelections.
_lEnglish
245 1 0 _aLysistrata and other plays /
_cAristophanes ; translated with an introduction and notes by Alan H. Sommerstein.
250 _aRev. ed.
260 _aLondon :
_bPenguin,
_c2002.
300 _aliii, 241 p. ;
_c20 cm.
336 _atext
_2rdacontent
337 _aunmediated
_2rdamedia
338 _avolume
_2rdacarrier
490 1 _aPenguin classics
500 _aPrevious ed.: 1973.
504 _aIncludes bibliographical references.
546 _aTranslated from the Greek.
600 0 4 _aAristophanes
_vTranslations into English.
700 1 _aSommerstein, Alan H.
740 0 _aAcharnians.
740 0 _aClouds.
740 0 _aLysistrata.
830 0 _aPenguin classics.
942 _2ddc
_cTR